[Event "Greek Team Championship"]
[Site "chess24.com"]
[Date "2017.07.04"]
[Round "3"]
[White "Nasos, Valerios"]
[Black "Trapalis, Theodoros"]
[Result "0-1"]
[Board "10"]
[WhiteElo "1433"]
[WhiteCountry "GRE"]
[WhiteFideId "25838253"]
[WhiteEloChange "-15"]
[BlackElo "1251"]
[BlackCountry "GRE"]
[BlackFideId "25854690"]
[BlackEloChange "15"]

1. e4 {[%clk 1:30:58]} e6 {[%clk 1:30:52]} 2. d4 {[%clk 1:31:16]} d5 {[%clk
1:31:13]} 3. e5 {[%clk 1:30:57]} c5 {[%clk 1:31:30]} 4. c3 {[%clk 1:31:22]} Nc6
{[%clk 1:31:53]} 5. Nf3 {[%clk 1:31:47]} Qb6 {[%clk 1:32:10]} 6. Be2 {[%clk
1:31:50]} cxd4 {[%clk 1:28:46]} 7. cxd4 {[%clk 1:32:08]} Nge7 {[%clk 1:28:56]} 8.
Na3 {[%clk 1:32:08]} g6 {[%clk 1:12:13]} 9. O-O {[%clk 1:30:30]} Bg7 {[%clk
1:09:59]} 10. b3 {[%clk 1:23:47]} O-O {[%clk 1:03:42]} 11. Bb2 {[%clk 1:06:16]}
Bd7 {[%clk 0:52:46]} 12. Qd2 {[%clk 0:53:21]} Nf5 {[%clk 0:40:11]} 13. Rfd1
{[%clk 0:51:01]} Bh6 {[%clk 0:35:14]} 14. Qe1 {[%clk 0:50:23]} Rac8 {[%clk
0:21:22]} 15. g4 {[%clk 0:37:32]} Nfe7 {[%clk 0:20:16]} 16. Nc2 {[%clk 0:34:18]}
Rfd8 {[%clk 0:06:27]} 17. Ba3 {[%clk 0:31:29]} Bf8 {[%clk 0:02:37]} 18. Ne3
{[%clk 0:30:19]} a6 {[%clk 0:01:13]} 19. Bc5 {[%clk 0:21:10]} Qc7 {[%clk
0:01:29]} 20. g5 {[%clk 0:21:12]} Nf5 {[%clk 0:00:51]} 21. Nxf5 {[%clk 0:21:23]}
exf5 {[%clk 0:00:51]} 22. Bxf8 {[%clk 0:21:05]} Rxf8 {[%clk 0:01:08]} 23. Rac1
{[%clk 0:21:23]} Qb6 {[%clk 0:00:35]} 24. Rc5 {[%clk 0:21:13]} Be6 {[%clk
0:00:36]} 25. Qd2 {[%clk 0:20:20]} Ne7 {[%clk 0:00:34]} 26. b4 {[%clk 0:20:16]}
Rc6 {[%clk 0:00:36]} 27. a3 {[%clk 0:20:15]} Rfc8 {[%clk 0:00:35]} 28. Qc2 {[%clk
0:20:05]} Kg7 {[%clk 0:00:35]} 29. Ne1 {[%clk 0:18:30]} Rxc5 {[%clk 0:00:33]} 30.
bxc5 {[%clk 0:18:23]} Qa5 {[%clk 0:00:36]} 31. Qb3 {[%clk 0:18:11]} Rc7 {[%clk
0:00:36]} 32. Nd3 {[%clk 0:17:42]} Bd7 {[%clk 0:00:34]} 33. Qb2 {[%clk 0:16:28]}
Bb5 {[%clk 0:00:35]} 34. Nf4 {[%clk 0:15:19]} Bxe2 {[%clk 0:00:37]} 35. Nxe2
{[%clk 0:15:34]} Qa4 {[%clk 0:00:35]} 36. Rc1 {[%clk 0:14:06]} Qc6 {[%clk
0:00:34]} 37. Rb1 {[%clk 0:13:57]} Qa4 {[%clk 0:00:35]} 38. Rc1 {[%clk 0:11:05]}
Qc6 {[%clk 0:00:42]} 39. Qb3 {[%clk 0:11:16]} Ng8 {[%clk 0:00:35]} 40. Nf4 {[%clk
0:40:49]} Ne7 {[%clk 0:30:33]} 41. Rb1 {[%clk 0:40:13]} Rd7 {[%clk 0:01:06]} 42.
Qc2 {[%clk 0:33:18]} Nc8 {[%clk 0:00:37]} 43. Qb3 {[%clk 0:33:02]} Ne7 {[%clk
0:00:56]} 44. Re1 {[%clk 0:32:30]} Ng8 {[%clk 0:00:33]} 45. Nd3 {[%clk 0:31:20]}
Qe6 {[%clk 0:00:32]} 46. Rb1 {[%clk 0:30:07]} Ne7 {[%clk 0:00:34]} 47. Rc1 {[%clk
0:29:49]} Rc7 {[%clk 0:00:34]} 48. Nf4 {[%clk 0:28:49]} Qc6 {[%clk 0:00:39]} 49.
Re1 {[%clk 0:28:59]} Ng8 {[%clk 0:00:31]} 50. Rb1 {[%clk 0:23:35]} Ne7 {[%clk
0:00:33]} 51. Qa2 {[%clk 0:21:12]} Rd7 {[%clk 0:00:32]} 52. Qb3 {[%clk 0:17:58]}
Kg8 {[%clk 0:00:34]} 53. Qc2 {[%clk 0:17:52]} b5 {[%clk 0:00:32]} 54. Qc3 {[%clk
0:17:41]} Qc7 {[%clk 0:00:34]} 55. Qe3 {[%clk 0:14:29]} Qc6 {[%clk 0:00:34]} 56.
Re1 {[%clk 0:14:16]} Rc7 {[%clk 0:00:32]} 57. e6 {[%clk 0:13:29]} fxe6 {[%clk
0:00:32]} 58. Nxe6 {[%clk 0:13:43]} Ra7 {[%clk 0:00:33]} 59. Qe5 {[%clk 0:13:17]}
Nc8 {[%clk 0:00:47]} 60. Nf4 {[%clk 0:03:33]} Re7 {[%clk 0:00:36]} 61. Ne6 {[%clk
0:03:10]} Qe8 {[%clk 0:00:33]} 62. Qxd5 {[%clk 0:02:53]} Kh8 {[%clk 0:00:34]} 63.
Re5 {[%clk 0:01:39]} Rd7 {[%clk 0:00:32]} 64. Qc6 {[%clk 0:01:44]} Na7 {[%clk
0:00:32]} 65. Qxa6 {[%clk 0:01:28]} Qa8 {[%clk 0:00:33]} 66. Qb6 {[%clk 0:00:46]}
Nc6 {[%clk 0:00:32]} 67. Qxb5 {[%clk 0:00:47]} Nxe5 {[%clk 0:00:34]} 68. c6
{[%clk 0:00:36]} Nxc6 {[%clk 0:00:34]} 69. d5 {[%clk 0:00:35]} Ne5 {[%clk
0:00:32]} 70. d6 {[%clk 0:00:34]} Nf3+ {[%clk 0:00:32]} 71. Kf1 {[%clk 0:00:39]}
Nxh2+ {[%clk 0:00:37]} 72. Ke1 {[%clk 0:00:49]} Qe4+ {[%clk 0:00:39]} 0-1

[Event "Greek Team Championship"]
[Site "chess24.com"]
[Date "2017.07.04"]
[Round "3"]
[White "Polzin, Rainer"]
[Black "Argiroudis, Stamatis"]
[Result "1-0"]
[Board "1"]
[WhiteElo "2405"]
[WhiteTitle "GM"]
[WhiteCountry "GER"]
[WhiteFideId "4610741"]
[WhiteEloChange "3"]
[BlackElo "2276"]
[BlackCountry "GRE"]
[BlackFideId "4202210"]
[BlackEloChange "-6"]

1. e4 {[%clk 1:30:57]} c5 {[%clk 1:30:52]} 2. Nf3 {[%clk 1:31:20]} e6 {[%clk
1:31:15]} 3. d4 {[%clk 1:31:22]} cxd4 {[%clk 1:31:39]} 4. Nxd4 {[%clk 1:31:46]}
Nf6 {[%clk 1:31:29]} 5. Nc3 {[%clk 1:31:57]} Nc6 {[%clk 1:31:18]} 6. Ndb5 {[%clk
1:30:54]} Bb4 {[%clk 1:30:21]} 7. e5 {[%clk 1:27:53]} Nxe5 {[%clk 1:12:52]} 8.
Bf4 {[%clk 1:28:13]} d6 {[%clk 1:12:52]} 9. a3 {[%clk 1:28:36]} Bxc3+ {[%clk
1:12:51]} 10. Nxc3 {[%clk 1:28:58]} O-O {[%clk 1:12:36]} 11. Qd2 {[%clk 1:28:52]}
b6 {[%clk 0:58:55]} 12. O-O-O {[%clk 1:22:30]} Bb7 {[%clk 0:57:38]} 13. Qxd6
{[%clk 1:20:12]} Qxd6 {[%clk 0:54:06]} 14. Rxd6 {[%clk 1:20:38]} Ng6 {[%clk
0:54:01]} 15. Bd2 {[%clk 1:09:36]} Nh4 {[%clk 0:46:31]} 16. Bg5 {[%clk 1:00:12]}
Nf5 {[%clk 0:42:43]} 17. Rd2 {[%clk 0:58:18]} Rfd8 {[%clk 0:39:42]} 18. Bd3
{[%clk 0:53:59]} Ne7 {[%clk 0:31:42]} 19. Rhd1 {[%clk 0:50:54]} Kf8 {[%clk
0:30:47]} 20. f3 {[%clk 0:45:53]} h6 {[%clk 0:29:57]} 21. Bh4 {[%clk 0:36:52]} g5
{[%clk 0:28:57]} 22. Bf2 {[%clk 0:36:42]} Ned5 {[%clk 0:25:17]} 23. Ne2 {[%clk
0:29:55]} Ke7 {[%clk 0:15:00]} 24. c4 {[%clk 0:26:23]} Rac8 {[%clk 0:15:00]} 25.
Kb1 {[%clk 0:17:13]} Nc7 {[%clk 0:15:11]} 26. Nc3 {[%clk 0:12:30]} Ba6 {[%clk
0:15:11]} 27. b4 {[%clk 0:12:30]} Rxd3 {[%clk 0:09:49]} 28. Rxd3 {[%clk 0:11:55]}
Bxc4 {[%clk 0:10:12]} 29. R3d2 {[%clk 0:11:53]} Ncd5 {[%clk 0:08:46]} 30. Nxd5+
{[%clk 0:10:39]} Nxd5 {[%clk 0:09:08]} 31. Rc1 {[%clk 0:10:11]} a6 {[%clk
0:08:06]} 32. Bc5+ {[%clk 0:07:03]} bxc5 {[%clk 0:05:17]} 33. Rxc4 {[%clk
0:07:31]} Kd6 {[%clk 0:03:21]} 34. Rdc2 {[%clk 0:07:09]} Rb8 {[%clk 0:02:26]} 35.
Rxc5 {[%clk 0:07:23]} Rb6 {[%clk 0:02:53]} 36. Kb2 {[%clk 0:06:49]} h5 {[%clk
0:03:07]} 37. Kb3 {[%clk 0:06:57]} h4 {[%clk 0:03:14]} 38. Ka4 {[%clk 0:04:59]}
Ne3 {[%clk 0:01:18]} 39. R2c3 {[%clk 0:03:12]} Nd5 {[%clk 0:01:24]} 40. Rc1
{[%clk 0:32:56]} f5 {[%clk 0:30:42]} 41. Ka5 {[%clk 0:32:22]} Rb8 {[%clk
0:30:24]} 42. Rc6+ {[%clk 0:31:23]} Kd7 {[%clk 0:22:34]} 43. Rxa6 {[%clk
0:30:49]} g4 {[%clk 0:20:23]} 44. fxg4 {[%clk 0:28:38]} fxg4 {[%clk 0:20:47]} 45.
b5 {[%clk 0:27:39]} g3 {[%clk 0:17:42]} 46. hxg3 {[%clk 0:27:57]} hxg3 {[%clk
0:18:07]} 47. Ra7+ {[%clk 0:24:08]} Kd6 {[%clk 0:18:13]} 48. Rc6+ {[%clk
0:24:28]} Ke5 {[%clk 0:18:36]} 49. b6 {[%clk 0:24:54]} 1-0

[Event "Greek Team Championship"]
[Site "chess24.com"]
[Date "2017.07.04"]
[Round "3"]
[White "Hadzimanolis, Antonios"]
[Black "Schuetze, Norman"]
[Result "1-0"]
[Board "2"]
[WhiteElo "2237"]
[WhiteTitle "FM"]
[WhiteCountry "GRE"]
[WhiteFideId "4202813"]
[WhiteEloChange "11"]
[BlackElo "2278"]
[BlackCountry "GER"]
[BlackFideId "4659406"]
[BlackEloChange "-11"]

1. e4 {[%clk 1:30:52]} c5 {[%clk 1:30:54]} 2. c3 {[%clk 1:31:18]} Nf6 {[%clk
1:31:08]} 3. e5 {[%clk 1:31:43]} Nd5 {[%clk 1:31:32]} 4. Nf3 {[%clk 1:32:09]} e6
{[%clk 1:31:50]} 5. Bc4 {[%clk 1:32:32]} d6 {[%clk 1:32:09]} 6. d4 {[%clk
1:32:44]} cxd4 {[%clk 1:32:11]} 7. cxd4 {[%clk 1:33:05]} Nc6 {[%clk 1:32:28]} 8.
O-O {[%clk 1:30:01]} Be7 {[%clk 1:32:44]} 9. Qe2 {[%clk 1:29:04]} O-O {[%clk
1:33:00]} 10. Nc3 {[%clk 1:29:29]} Nxc3 {[%clk 1:31:43]} 11. bxc3 {[%clk
1:29:57]} dxe5 {[%clk 1:32:04]} 12. dxe5 {[%clk 1:23:13]} Qc7 {[%clk 1:30:15]}
13. Qe4 {[%clk 1:17:16]} Bd7 {[%clk 1:25:27]} 14. Re1 {[%clk 0:54:16]} g6 {[%clk
1:08:58]} 15. Bh6 {[%clk 0:52:08]} Rfd8 {[%clk 1:09:16]} 16. Qf4 {[%clk 0:50:34]}
Na5 {[%clk 1:00:01]} 17. Ng5 {[%clk 0:48:42]} Be8 {[%clk 0:59:19]} 18. Bb5 {[%clk
0:39:41]} Nc6 {[%clk 0:54:32]} 19. Bxc6 {[%clk 0:31:51]} Qxc6 {[%clk 0:54:19]}
20. Ne4 {[%clk 0:31:58]} Qa4 {[%clk 0:36:27]} 21. Nf6+ {[%clk 0:26:40]} Kh8
{[%clk 0:36:51]} 22. c4 {[%clk 0:26:58]} Qc2 {[%clk 0:35:44]} 23. Nxe8 {[%clk
0:16:12]} Rxe8 {[%clk 0:35:37]} 24. Qxf7 {[%clk 0:16:33]} Bf8 {[%clk 0:35:55]}
25. Bg5 {[%clk 0:16:48]} Bg7 {[%clk 0:35:32]} 26. Bf6 {[%clk 0:17:17]} Rg8 {[%clk
0:35:00]} 27. Rad1 {[%clk 0:12:42]} Qc3 {[%clk 0:33:13]} 28. Re3 {[%clk 0:10:23]}
Qxc4 {[%clk 0:31:22]} 29. Red3 {[%clk 0:09:34]} Qc5 {[%clk 0:30:12]} 30. Bxg7+
{[%clk 0:09:26]} 1-0

[Event "Greek Team Championship"]
[Site "chess24.com"]
[Date "2017.07.04"]
[Round "3"]
[White "Milonakis, Georgios"]
[Black "Vragoteris, Antonios"]
[Result "1-0"]
[Board "3"]
[WhiteElo "2196"]
[WhiteCountry "GRE"]
[WhiteFideId "4206320"]
[WhiteEloChange "10"]
[BlackElo "2212"]
[BlackTitle "FM"]
[BlackCountry "GRE"]
[BlackFideId "4200110"]
[BlackEloChange "-10"]

1. d4 {[%clk 1:30:33]} Nf6 {[%clk 1:21:28]} 2. Nf3 {[%clk 1:30:53]} e6 {[%clk
1:21:38]} 3. g3 {[%clk 1:29:43]} c5 {[%clk 1:20:29]} 4. c3 {[%clk 1:29:25]} b6
{[%clk 1:19:01]} 5. Bg2 {[%clk 1:29:26]} Bb7 {[%clk 1:19:19]} 6. O-O {[%clk
1:29:47]} d6 {[%clk 1:11:37]} 7. Re1 {[%clk 1:25:45]} Qc7 {[%clk 1:11:48]} 8.
Nbd2 {[%clk 1:19:21]} Nbd7 {[%clk 0:59:19]} 9. e4 {[%clk 1:17:48]} cxd4 {[%clk
0:58:33]} 10. cxd4 {[%clk 1:17:21]} Rc8 {[%clk 0:58:02]} 11. b3 {[%clk 1:12:36]}
d5 {[%clk 0:47:42]} 12. e5 {[%clk 1:05:57]} Ng8 {[%clk 0:40:18]} 13. Nf1 {[%clk
0:58:40]} Ba6 {[%clk 0:34:26]} 14. Ne3 {[%clk 0:53:23]} Ne7 {[%clk 0:24:36]} 15.
Ba3 {[%clk 0:49:40]} Nc6 {[%clk 0:24:49]} 16. Bxf8 {[%clk 0:45:30]} Nxf8 {[%clk
0:19:47]} 17. Rc1 {[%clk 0:43:42]} Qe7 {[%clk 0:19:26]} 18. Qd2 {[%clk 0:41:11]}
Nd7 {[%clk 0:18:12]} 19. Rc3 {[%clk 0:37:05]} O-O {[%clk 0:12:45]} 20. Rec1
{[%clk 0:36:23]} Ndb8 {[%clk 0:10:33]} 21. Bf1 {[%clk 0:28:17]} Bxf1 {[%clk
0:10:35]} 22. Kxf1 {[%clk 0:28:40]} Qb7 {[%clk 0:08:49]} 23. Qe2 {[%clk 0:25:26]}
h6 {[%clk 0:07:30]} 24. Kg2 {[%clk 0:24:42]} Nd7 {[%clk 0:05:58]} 25. Qd2 {[%clk
0:21:05]} Nc5 {[%clk 0:02:34]} 26. dxc5 {[%clk 0:11:53]} d4 {[%clk 0:03:02]} 27.
R3c2 {[%clk 0:12:19]} Nxe5 {[%clk 0:02:27]} 28. c6 {[%clk 0:12:22]} Rxc6 {[%clk
0:02:05]} 29. Rxc6 {[%clk 0:12:20]} Nxc6 {[%clk 0:00:40]} 30. Nc4 {[%clk
0:12:40]} e5 {[%clk 0:00:52]} 31. Kg1 {[%clk 0:12:36]} f6 {[%clk 0:00:36]} 32.
Nh4 {[%clk 0:08:30]} Qd7 {[%clk 0:00:39]} 33. Ne3 {[%clk 0:07:14]} Ne7 {[%clk
0:01:03]} 34. Nc4 {[%clk 0:06:32]} Rd8 {[%clk 0:01:14]} 35. Re1 {[%clk 0:06:43]}
Qd5 {[%clk 0:01:31]} 36. Qd3 {[%clk 0:06:49]} Qd7 {[%clk 0:01:13]} 37. Nf3 {[%clk
0:05:16]} Rc8 {[%clk 0:01:24]} 38. a4 {[%clk 0:04:10]} Nc6 {[%clk 0:01:46]} 39.
Nh4 {[%clk 0:02:52]} Ne7 {[%clk 0:01:02]} 40. Qe4 {[%clk 0:32:57]} Qd5 {[%clk
0:30:32]} 41. Nf5 {[%clk 0:28:43]} Qxe4 {[%clk 0:28:16]} 42. Nxe7+ {[%clk
0:28:31]} Kf8 {[%clk 0:28:36]} 43. Rxe4 {[%clk 0:28:54]} Kxe7 {[%clk 0:29:00]}
44. f4 {[%clk 0:28:48]} Ke6 {[%clk 0:29:20]} 45. fxe5 {[%clk 0:28:08]} Kd5 {[%clk
0:29:33]} 46. Re1 {[%clk 0:20:38]} Re8 {[%clk 0:28:57]} 47. e6 {[%clk 0:18:48]}
Rxe6 {[%clk 0:28:44]} 48. Rxe6 {[%clk 0:19:07]} Kxe6 {[%clk 0:29:08]} 49. Kf2
{[%clk 0:19:21]} Kd5 {[%clk 0:29:07]} 50. Ke2 {[%clk 0:18:08]} Kc5 {[%clk
0:05:38]} 51. Kd3 {[%clk 0:18:12]} Kb4 {[%clk 0:04:59]} 52. Nd2 {[%clk 0:18:29]}
f5 {[%clk 0:05:16]} 53. Kxd4 {[%clk 0:13:25]} g5 {[%clk 0:05:36]} 54. Kd3 {[%clk
0:13:49]} g4 {[%clk 0:02:51]} 55. Kc2 {[%clk 0:13:41]} h5 {[%clk 0:03:08]} 56.
Nf1 {[%clk 0:13:15]} f4 {[%clk 0:01:54]} 57. gxf4 {[%clk 0:13:35]} h4 {[%clk
0:02:05]} 58. Kd3 {[%clk 0:12:41]} 1-0

[Event "Greek Team Championship"]
[Site "chess24.com"]
[Date "2017.07.04"]
[Round "3"]
[White "Skaraki, Antigoni"]
[Black "Serefidou, Despina"]
[Result "1-0"]
[Board "5"]
[WhiteElo "1947"]
[WhiteCountry "GRE"]
[WhiteFideId "4222970"]
[WhiteEloChange "11"]
[BlackElo "1981"]
[BlackCountry "GRE"]
[BlackFideId "4218787"]
[BlackEloChange "-11"]

1. e4 {[%clk 1:30:58]} e5 {[%clk 1:30:54]} 2. Nf3 {[%clk 1:31:22]} Nc6 {[%clk
1:31:19]} 3. Bb5 {[%clk 1:31:48]} a6 {[%clk 1:31:44]} 4. Ba4 {[%clk 1:32:09]} Nf6
{[%clk 1:32:01]} 5. d3 {[%clk 1:32:30]} Bc5 {[%clk 1:31:34]} 6. c3 {[%clk
1:32:44]} d6 {[%clk 1:31:27]} 7. Nbd2 {[%clk 1:32:59]} O-O {[%clk 1:30:54]} 8.
Nf1 {[%clk 1:31:32]} b5 {[%clk 1:27:12]} 9. Bc2 {[%clk 1:30:40]} h6 {[%clk
1:15:04]} 10. Ng3 {[%clk 1:29:18]} Bb6 {[%clk 1:10:26]} 11. O-O {[%clk 1:23:16]}
d5 {[%clk 0:54:48]} 12. Qe2 {[%clk 1:03:28]} dxe4 {[%clk 0:45:16]} 13. dxe4
{[%clk 1:03:07]} Qe7 {[%clk 0:42:08]} 14. Nh4 {[%clk 0:59:46]} Bg4 {[%clk
0:39:12]} 15. Qe1 {[%clk 0:52:42]} Nh5 {[%clk 0:29:06]} 16. Nhf5 {[%clk 0:46:21]}
Qf6 {[%clk 0:26:35]} 17. Nxh5 {[%clk 0:43:02]} Bxh5 {[%clk 0:27:00]} 18. Be3
{[%clk 0:39:53]} Bg6 {[%clk 0:19:20]} 19. Bxb6 {[%clk 0:38:13]} cxb6 {[%clk
0:19:46]} 20. Ne3 {[%clk 0:37:23]} Ne7 {[%clk 0:18:34]} 21. Rd1 {[%clk 0:34:17]}
Rfd8 {[%clk 0:18:52]} 22. f3 {[%clk 0:31:36]} Qc6 {[%clk 0:15:36]} 23. Bb3 {[%clk
0:20:37]} a5 {[%clk 0:14:06]} 24. Qf2 {[%clk 0:18:49]} a4 {[%clk 0:12:05]} 25.
Bd5 {[%clk 0:18:23]} Nxd5 {[%clk 0:12:24]} 26. Nxd5 {[%clk 0:18:42]} Qc5 {[%clk
0:07:57]} 27. Nxb6 {[%clk 0:17:59]} Qxf2+ {[%clk 0:07:49]} 28. Kxf2 {[%clk
0:18:25]} Rxd1 {[%clk 0:07:14]} 29. Rxd1 {[%clk 0:18:49]} Ra6 {[%clk 0:06:56]}
30. Rd8+ {[%clk 0:18:02]} Kh7 {[%clk 0:07:19]} 31. Nd7 {[%clk 0:17:58]} h5 {[%clk
0:05:09]} 32. Nxe5 {[%clk 0:17:23]} a3 {[%clk 0:03:59]} 33. b3 {[%clk 0:17:26]}
f6 {[%clk 0:03:20]} 34. Nxg6 {[%clk 0:16:39]} Kxg6 {[%clk 0:03:48]} 35. Ke3
{[%clk 0:16:31]} Rc6 {[%clk 0:03:16]} 36. Kd4 {[%clk 0:15:32]} b4 {[%clk
0:03:34]} 37. c4 {[%clk 0:15:49]} 1-0

[Event "Greek Team Championship"]
[Site "chess24.com"]
[Date "2017.07.04"]
[Round "3"]
[White "Houhouli, Hristina"]
[Black "Stratigi, Evangelia"]
[Result "0-1"]
[Board "6"]
[WhiteElo "1431"]
[WhiteCountry "GRE"]
[WhiteFideId "4247477"]
[WhiteEloChange "-6"]
[BlackElo "1593"]
[BlackCountry "GRE"]
[BlackFideId "4248961"]
[BlackEloChange "6"]

1. e4 {[%clk 1:30:55]} e5 {[%clk 1:30:50]} 2. Nf3 {[%clk 1:31:22]} Nf6 {[%clk
1:30:44]} 3. Nxe5 {[%clk 1:31:48]} d6 {[%clk 1:31:01]} 4. Nf3 {[%clk 1:32:15]}
Nxe4 {[%clk 1:31:00]} 5. Nc3 {[%clk 1:32:42]} Nxc3 {[%clk 1:30:47]} 6. dxc3
{[%clk 1:33:09]} Be7 {[%clk 1:31:07]} 7. Be3 {[%clk 1:31:24]} O-O {[%clk
1:31:11]} 8. Qd2 {[%clk 1:31:31]} Nd7 {[%clk 1:30:58]} 9. O-O-O {[%clk 1:30:04]}
Ne5 {[%clk 1:30:09]} 10. Nd4 {[%clk 1:28:56]} Be6 {[%clk 1:28:41]} 11. Nxe6
{[%clk 1:24:41]} fxe6 {[%clk 1:28:49]} 12. h3 {[%clk 1:23:03]} a6 {[%clk
1:23:41]} 13. f4 {[%clk 1:22:21]} Nc6 {[%clk 1:14:41]} 14. g4 {[%clk 1:20:58]}
Re8 {[%clk 0:56:59]} 15. f5 {[%clk 1:14:11]} exf5 {[%clk 0:49:30]} 16. gxf5
{[%clk 1:14:28]} Bf6 {[%clk 0:48:38]} 17. Bc4+ {[%clk 1:11:45]} Kh8 {[%clk
0:45:20]} 18. Be6 {[%clk 1:10:06]} Qe7 {[%clk 0:40:14]} 19. Rhg1 {[%clk 0:54:17]}
Nd8 {[%clk 0:33:13]} 20. Qg2 {[%clk 0:42:54]} Nxe6 {[%clk 0:31:32]} 21. fxe6
{[%clk 0:42:54]} Qxe6 {[%clk 0:30:22]} 22. Bd4 {[%clk 0:42:04]} Bxd4 {[%clk
0:27:18]} 23. Rxd4 {[%clk 0:40:22]} Rg8 {[%clk 0:24:39]} 24. Rh4 {[%clk 0:32:14]}
Rae8 {[%clk 0:19:34]} 25. c4 {[%clk 0:32:14]} g6 {[%clk 0:16:10]} 26. Rg4 {[%clk
0:23:33]} Qe3+ {[%clk 0:15:23]} 27. Kd1 {[%clk 0:19:03]} Rgf8 {[%clk 0:15:23]}
28. Qg3 {[%clk 0:19:03]} Qe2+ {[%clk 0:12:22]} 29. Kc1 {[%clk 0:19:18]} Rf1+
{[%clk 0:12:21]} 30. Rxf1 {[%clk 0:19:36]} Qxf1+ {[%clk 0:12:44]} 31. Kd2 {[%clk
0:19:36]} Qe2+ {[%clk 0:11:52]} 32. Kc1 {[%clk 0:19:45]} Qf1+ {[%clk 0:08:13]}
33. Kd2 {[%clk 0:20:05]} Re2+ {[%clk 0:08:14]} 34. Kc3 {[%clk 0:20:05]} Qf5
{[%clk 0:08:14]} 35. Qd3 {[%clk 0:19:19]} Qa5+ {[%clk 0:05:01]} 36. Kb3 {[%clk
0:19:04]} c5 {[%clk 0:02:50]} 37. a3 {[%clk 0:16:40]} Qd2 {[%clk 0:01:48]} 38.
Re4 {[%clk 0:13:38]} Qxd3+ {[%clk 0:02:05]} 39. cxd3 {[%clk 0:14:02]} Rxe4 {[%clk
0:02:11]} 40. dxe4 {[%clk 0:44:27]} Kg7 {[%clk 0:32:14]} 41. Kc3 {[%clk 0:44:47]}
Kf6 {[%clk 0:31:32]} 42. b4 {[%clk 0:43:10]} Ke5 {[%clk 0:31:04]} 43. bxc5 {[%clk
0:42:43]} dxc5 {[%clk 0:31:27]} 44. Kd3 {[%clk 0:42:57]} g5 {[%clk 0:31:33]} 45.
Ke3 {[%clk 0:42:56]} b5 {[%clk 0:31:40]} 46. cxb5 {[%clk 0:43:03]} axb5 {[%clk
0:32:03]} 47. Kd3 {[%clk 0:42:55]} h5 {[%clk 0:32:10]} 0-1

[Event "Greek Team Championship"]
[Site "chess24.com"]
[Date "2017.07.04"]
[Round "3"]
[White "Daskalaki, Sofia"]
[Black "Batsi, Varvara"]
[Result "1/2-1/2"]
[Board "7"]
[WhiteElo "1568"]
[WhiteCountry "GRE"]
[WhiteFideId "4265149"]
[WhiteEloChange "-8"]
[BlackElo "1133"]
[BlackCountry "GRE"]
[BlackFideId "25820575"]
[BlackEloChange "8"]

1. d4 {[%clk 1:30:56]} d5 {[%clk 1:30:46]} 2. Nf3 {[%clk 1:31:19]} Nf6 {[%clk
1:31:07]} 3. Bf4 {[%clk 1:31:42]} Bf5 {[%clk 1:31:10]} 4. e3 {[%clk 1:31:48]} e6
{[%clk 1:31:06]} 5. Be2 {[%clk 1:30:18]} c5 {[%clk 1:30:45]} 6. h3 {[%clk
1:27:06]} Qb6 {[%clk 1:29:41]} 7. Qc1 {[%clk 1:25:03]} Nc6 {[%clk 1:28:58]} 8. c3
{[%clk 1:24:48]} Rc8 {[%clk 1:28:28]} 9. O-O {[%clk 1:14:55]} Be7 {[%clk
1:26:16]} 10. Nbd2 {[%clk 1:04:39]} O-O {[%clk 1:23:30]} 11. dxc5 {[%clk
0:52:44]} Bxc5 {[%clk 1:19:48]} 12. Nb3 {[%clk 0:52:35]} Rfe8 {[%clk 1:11:22]}
13. Nxc5 {[%clk 0:51:48]} Qxc5 {[%clk 1:11:31]} 14. Ne5 {[%clk 0:47:33]} a6
{[%clk 1:00:34]} 15. Rd1 {[%clk 0:34:36]} Qe7 {[%clk 0:54:14]} 16. Qd2 {[%clk
0:30:04]} Nd7 {[%clk 0:49:26]} 17. Nxd7 {[%clk 0:28:01]} Qxd7 {[%clk 0:49:48]}
18. Bh2 {[%clk 0:26:04]} h6 {[%clk 0:46:40]} 19. Bf3 {[%clk 0:24:27]} Qe7 {[%clk
0:44:09]} 20. Qe2 {[%clk 0:22:42]} Qg5 {[%clk 0:41:04]} 21. Bg3 {[%clk 0:20:48]}
Qf6 {[%clk 0:40:00]} 22. e4 {[%clk 0:19:53]} dxe4 {[%clk 0:40:01]} 23. Bxe4
{[%clk 0:20:11]} Bxe4 {[%clk 0:39:40]} 24. Qxe4 {[%clk 0:20:35]} Red8 {[%clk
0:39:57]} 25. Bh4 {[%clk 0:18:39]} Rxd1+ {[%clk 0:39:06]} 26. Rxd1 {[%clk
0:18:59]} Qe5 {[%clk 0:36:30]} 27. Qf3 {[%clk 0:16:12]} Qb5 {[%clk 0:34:49]} 28.
Rd2 {[%clk 0:14:34]} Qa4 {[%clk 0:32:25]} 29. b4 {[%clk 0:11:11]} a5 {[%clk
0:24:58]} 30. Qe4 {[%clk 0:06:16]} axb4 {[%clk 0:23:58]} 31. cxb4 {[%clk
0:06:06]} Qxb4 {[%clk 0:23:55]} 32. Qxb4 {[%clk 0:05:59]} Nxb4 {[%clk 0:24:20]}
33. Rb2 {[%clk 0:06:16]} Rc4 {[%clk 0:21:22]} 34. Bg3 {[%clk 0:02:25]} b6 {[%clk
0:20:45]} 35. a3 {[%clk 0:01:59]} Nd5 {[%clk 0:21:07]} 36. f3 {[%clk 0:01:45]}
Rc3 {[%clk 0:20:07]} 37. Bd6 {[%clk 0:02:04]} Rc6 {[%clk 0:17:34]} 38. Be5 {[%clk
0:02:07]} f6 {[%clk 0:17:18]} 39. Bg3 {[%clk 0:02:10]} e5 {[%clk 0:16:57]} 40.
Be1 {[%clk 0:31:25]} Rc1 {[%clk 0:45:48]} 41. Kf2 {[%clk 0:31:27]} Rc5 {[%clk
0:44:00]} 42. Ke2 {[%clk 0:26:05]} Kf7 {[%clk 0:36:13]} 43. Kd2 {[%clk 0:21:46]}
Kg6 {[%clk 0:25:39]} 44. Kd3 {[%clk 0:19:27]} Kf5 {[%clk 0:23:29]} 45. g3 {[%clk
0:18:24]} g5 {[%clk 0:18:55]} 46. Bd2 {[%clk 0:16:57]} h5 {[%clk 0:16:47]} 47.
g4+ {[%clk 0:16:34]} hxg4 {[%clk 0:17:04]} 48. hxg4+ {[%clk 0:16:59]} Ke6 {[%clk
0:17:06]} 1/2-1/2